سيرة عمل السياسي : (رقم التسجيلة. 1340)
[ عرض عادي ]
| 000 -الفاتح | |
|---|---|
| عناصر البيانات ثابتة الطول | 00883cam a2200265 i 4500 |
| 005 - تاريخ ووقت آخر معاملة | |
| حقل ضبط | 20260107133649.0 |
| 008 - عناصر البيانات ثابتة الطول | |
| عناصر البيانات ثابتة الطول | 250721s2008 le gr 000 0 ara d |
| 020 ## - الترقيم الدولي المعياري للكتب (ردمك) | |
| الترقيم الدولي المعياري للكتب (ردمك) | 9953362637 |
| 082 14 - رقم تصنيف ديوي العشري | |
| رقم التصنيف | 320.092 |
| رقم المادة | ع ب د |
| 100 1# - مدخل رئيسي – اسم شخصي | |
| الاسم الشخصي | عبد الوهاب، عطا |
| علاقة الشخص بالعمل/ دوره | مؤلف. |
| 245 10 - بيان العنوان | |
| العنوان | سيرة عمل السياسي : |
| بقية العنوان | بغداد - عمان (2003-2006) / |
| بيان المسؤولية | عطا عبد الوهاب. |
| 250 ## - بيان الطبعة | |
| بيان الطبعة | الطبعة الأولى. |
| 264 31 - بيانات النشر، التوزيع…إلخ | |
| مكان النشر، التوزيع...إلخ | بيروت : |
| اسم الناشر، الموزع...إلخ | المؤسسة العربية للدراسات، |
| تاريخ النشر، التوزيع...إلخ | 2008. |
| 300 ## - الوصف المادي | |
| عدد الوحدات المكونة للوعاء | 174 صفحة. |
| 490 0# - بيان السلسلة | |
| عنوان السلسلة | فكر سياسي. |
| 650 17 - مدخل إضافي بالموضوع - مصطلح موضوعي | |
| مصطلح موضوعي أو اسم جغرافي كعنصر مدخل | العراق. |
| 650 17 - مدخل إضافي بالموضوع - مصطلح موضوعي | |
| مصطلح موضوعي أو اسم جغرافي كعنصر مدخل | الاردن. |
| 650 17 - مدخل إضافي بالموضوع - مصطلح موضوعي | |
| مصطلح موضوعي أو اسم جغرافي كعنصر مدخل | العلاقات الدوليه. |
| 650 17 - مدخل إضافي بالموضوع - مصطلح موضوعي | |
| مصطلح موضوعي أو اسم جغرافي كعنصر مدخل | السياسه. |
| 650 17 - مدخل إضافي بالموضوع - مصطلح موضوعي | |
| مصطلح موضوعي أو اسم جغرافي كعنصر مدخل | التراجم. |
| 650 17 - مدخل إضافي بالموضوع - مصطلح موضوعي | |
| مصطلح موضوعي أو اسم جغرافي كعنصر مدخل | السياسيون. |
| 830 #0 - مدخل إضافي بالسلسلة-عنوان مقنن | |
| عنوان السلسسلة | فكر سياسي. |
| 942 ## - بيانات إضافية (كوها) | |
| نوع التنصيف | Dewey Decimal Classification |
| نوع المادة (كوها) | كتب |
| حالة السحب | حالة الفقدان | مصدر التصنيف | حالة التلف | غير قابل للإعارة | المكتبة الرئيسية | المكتبة الحالية | موقع الرف | تاريخ التزويد | الرقم المتسلسل | Total Checkouts | رقم الإستدعاء | الباركود | تاريخ آخر ظهور | تاريخ الفاتورة | نوع المادة (كوها) |
|---|---|---|---|---|---|---|---|---|---|---|---|---|---|---|---|
| Dewey Decimal Classification | المكتبة المركزية | المكتبة المركزية | الإعارة | 28/07/2025 | 1265073 | 320.092 / ع ب د | PLD00075319 | 28/07/2025 | 28/07/2025 | كتب | |||||
| Dewey Decimal Classification | المكتبة المركزية | المكتبة المركزية | مقتنيات قسم التزويد | 28/07/2025 | 1265075 | 320.092/عبد | 28/07/2025 | 28/07/2025 | كتب | ||||||
| Dewey Decimal Classification | المكتبة المركزية | المكتبة المركزية | مقتنيات قسم التزويد | 28/07/2025 | 1265076 | 320.092/عبد | 28/07/2025 | 28/07/2025 | كتب | ||||||
| Dewey Decimal Classification | مكتبة أبو علندا العامة | مكتبة أبو علندا العامة | الإعارة | 03/03/2009 | 1265077 | 320.092/عبد | PLD00075498 | 28/07/2025 | 03/03/2009 | كتب | |||||
| Dewey Decimal Classification | مكتبة الأميرة ايمان العامة | مكتبة الأميرة ايمان العامة | الإعارة | 03/03/2009 | 1265078 | 320.092/عبد | PLD00075499 | 28/07/2025 | 03/03/2009 | كتب | |||||
| Dewey Decimal Classification | مكتبة ومركز فرح | مكتبة ومركز فرح | الإعارة | 19/05/2009 | 1278302 | 320.092/عبد | PLD00093496 | 28/07/2025 | 19/05/2009 | كتب |